LEADER 01340nam a2200265 i 4500 001 000000000777 003 CaOOAMICUS 005 20180830125434.0 008 180830s1980 it u000 u ita u 040 $aSeMil$bita 100 1 $aNegri, Antimo,$d<1923-2005>.$0(OLS)http://semarc/name/579 245 10$aFilosofia del lavoro :$bstoria antologica /$cAntimo Negri. 260 $aMilano :$bMarzorati,$c1980-1981. 650 4$aLavoro - Concetto - Storia.$0(OLS)http://semarc/subject/209 774 0 $t[Tra secondo Ottocento e Novecento].$w()880 774 0 $t[Dall'illuminismo al socialismo scientifico].$w()6807 774 0 $t[Dalle civiltà orientali al pensiero cristiano antico].$gVolume1$w()104305 774 0 $t[Dal medioevo al settecento preilluministico]. Copyr. 1980.$gVolume2$w()104307 774 0 $t[Dall'illuminismo al socialismo scientifico (1)].$gVolume3$w()104308 774 0 $t[Dall'illuminismo al socialismo scientifico (2)].$gVolume4$w()104309 774 0 $t[Tra secondo ottocento e novecento (1)].$gVolume5$w()104310 774 0 $t[Tra secondo ottocento e novecento (2)].$gVolume6$w()104311 774 0 $aNegri, Antimo <1923-2005>$tNovecento.$gVolume7$w()104312 996 $6245$aFilosofia del lavoro :$bstoria antologica$9(OLS)http://semarc/title/1168 996 $6260$aMilano :$bMarzorati$9(OLS)http://semarc/publisher/29683 LEADER 01364nam a2200301 i 4500 001 000000185706 003 CaOOAMICUS 005 20100211000000.0 008 100211s1984 it u000 u ita u 013 $a163740 020 $a88-7026-560-9 040 $aSeMil$bita 245 10$aMemoria del sacro e tradizione orale /$cAntonino Poppi. 260 $aPadova :$bMessaggero,$c1984. 300 $a439 p., [4] p. di tav. :$bill. ;$c24 cm. 490 0 $aCentro studi antoniani ;$v7 650 4$aReligiosità popolare - Italia.$0(OLS)http://semarc/subject/32009 650 4$aFolclore religioso.$0(OLS)http://semarc/subject/6955 650 4$aReligione - Tradizioni orali.$0(OLS)http://semarc/subject/35067 700 1 $aColloquio interdisciplinare del Centro studi antoniani <3. ; 1984 ; Padova>.$0(OLS)http://semarc/name/68254 710 2 $aCentro Studi Antoniani .$0(OLS)http://semarc/name/2287 830 0$aCentro studi antoniani ;$v7.$0(OLS)http://semarc/title/27416 850 $aSeMil 852 $aSeMil$W1$xVenegono$y1$m2X I 381$j136397$B136397$CSeMilBibl$Z2$F147936 $81 961 $aOmaggio: Scuola Cattolica 996 $6020$a88-7026-560-9$9(OLS)http://semarc/number/175887 996 $6245$aMemoria del sacro e tradizione orale$9(OLS)http://semarc/title/266944 996 $6260$aPadova :$bMessaggero$9(OLS)http://semarc/publisher/29786